000 00938nam a22002897a 4500
001 BR8206618
003 BR-BrBNA
005 20230928091524.0
007 ta
008 230509b bl.||||| |||| 00| 0 por d
040 _aBR-BrBNA
_bpor
_cBiblioteca Nacional de Agricultura
041 _a(Por)
072 _aF00; A50
_b1540
_b/G514
090 _ 1540 BR8206618
100 1 _aPinheiro, J.C.D.
100 1 _aCarvalho Filho, W.B. de
110 1 _aUnidade de Execucao de Pesquisa de Ambito Estadual de Bacabal, MA (Brasil)
_910345
245 1 _aProjeto mandioca; relatorio tecnico anual de pesquisa - 1980 e 1981 [Brasil]
_bConvenio: EMAPA/BNB
260 3 _aBacabal, MA (Brasil):
_c1982.
300 _a43 p.
500 _a29 tables. (*) Documento disponível na(o) EMAPA, Sao Luis, MA (Brazil)
650 _aPESQUISA AGRICOLA
650 _aMANDIOCA
650 _aMARANHAO
909 _a202309
_bLucia
_c55
_dLucia Elande
942 _cBK
999 _c34240
_d34240